[Event "RUS-chT Rapid Men 2018"]
[Site "Sochi"]
[Date "2018.10.08"]
[Round "2"]
[White "Maletin, Pavel"]
[Black "Savchenko, Boris"]
[Result "0-1"]
[WhiteElo "2586"]
[BlackElo "2562"]
[Annotator "TA"]
[PlyCount "68"]
[EventDate "2018.10.05"]
[EventType "swiss"]
[EventCountry "RUS"]
[SourceTitle "playchess.com"]
[Source "ChessBase"]
[SourceQuality "1"]

{[%evp 24,68,-16,-108,25,0,0,0,0,0,0,0,0,0,0,0,0,0,0,0,0,0,0,0,0,-8,-8,-9,-8,-121,-132,-151,-66,-754,-247,-239,-250,-237,343,-364,-345,-473,-471,-800,-600,-6279,-6279]} 1. c4 e5 2. g3 Nf6 3. Bg2 d5 4. cxd5 Nxd5 5. Nc3 Nb6 6. Nf3 Nc6 7. O-O Be7 8. d3 O-O 9. Be3 Re8 10. a3 Bf8 11. b4 Nd4 {A29: Englische Eröffnung (Vierspringer-Variante)} (11... Bg4 12. Bc5 Nd4 13. Nxd4 exd4 14. Ne4 c6 15. Bxf8 Rxf8 16. Nc5 Qe7 17. Re1 Nc8 18. Qd2 Rd8 19. Rac1 {½-½ (61) Dubov,D (2660)-Vachier Lagrave,M (2804) Doha 2016}) 12. Bxd4 exd4 13. Nb5 {[#] LiveBook: 3 Partien} (13. Ne4 $11) 13... a5 (13... g5 $1 $17 {Und weiter mit ...c6 wäre nett.} 14. h3 Bg7) 14. Qd2 axb4 $146 ({Vorgänger:} 14... Nd5 15. Nbxd4 axb4 16. e4 Nc3 17. axb4 Rxa1 18. Rxa1 Bxb4 19. Nc2 {1-0 (62) Ozgur,T (1886)-Bulgurlu,O (1966) Manavgat 2015}) 15. axb4 Rxa1 16. Rxa1 Nd5 17. Rb1 {[#]} Nc3 $1 {[%mdl 512]} 18. Nxc3 dxc3 19. Qc2 g6 20. e3 Bg7 21. Ne1 Qe7 $36 {[%mdl 2048] Schwarz hat Initiative.} 22. h4 Bf5 23. Bxb7 Rb8 24. Qa4 c5 25. bxc5 Qxc5 {Weiss muss nun ...Dc7 beachten.} 26. g4 {[#]} (26. Qd1 $11 {hält das Gleichgewicht.}) 26... Be6 $1 $17 {Droht ...Dc7 und aus.} 27. Rb5 Bd7 (27... Qc7 $17 28. Ba6 Ra8) 28. Qf4 $2 {[%mdl 8192]} (28. Rxc5 $15 Bxa4 29. Bd5) 28... Qxb5 $2 (28... Qa7 29. Bd5 Bxb5) 29. Qxb8+ $19 Bf8 30. Qc7 Qb1 $4 {[%mdl 8192]} (30... Bxg4 $19 {und alles wird gut. Droht stark ...Db1.} 31. Bg2 Qb1) 31. Kg2 $4 {[%mdl 8192]} (31. Qxd7 $18 {Droht Matt per Ld5.} Qxe1+ 32. Kg2) 31... Be6 32. Qxc3 Qxb7+ {Schwarz steht klar auf Gewinn.} 33. Kg3 (33. Nf3 $142) 33... Bb4 34. Qc1 Qh1 {Precision: Weiß = 31%, Schwarz = 44%.} 0-1

[Event "RUS-chT Rapid Men 2018"]
[Site "Sochi"]
[Date "2018.10.08"]
[Round "2"]
[White "Timofeev, Artyom"]
[Black "Lugovskoy, Maxim"]
[Result "1-0"]
[WhiteElo "2580"]
[BlackElo "2428"]
[Annotator "TA"]
[PlyCount "177"]
[EventDate "2018.10.05"]
[EventType "swiss"]
[EventCountry "RUS"]
[SourceTitle "playchess.com"]
[Source "ChessBase"]
[SourceQuality "1"]

{[%evp 11,177,12,32,15,21,24,29,22,14,15,16,7,22,15,14,14,63,22,50,22,20,18,26,19,25,32,29,29,27,27,28,10,25,13,106,131,159,165,147,148,127,127,168,86,99,82,95,82,121,112,141,120,361,12,89,96,122,44,8,15,40,0,129,136,135,133,497,219,219,219,219,219,219,206,206,206,230,206,206,206,206,0,206,206,230,213,213,213,213,213,206,206,206,206,225,224,231,231,231,231,265,240,240,231,231,231,231,231,231,231,231,231,231,231,231,231,231,231,231,231,231,217,231,217,217,184,293,0,192,184,191,184,217,184,293,293,293,184,235,192,297,213,395,400,29994,825,1157,431,449,448,441,413,589,615,613,608,642,602,1281,1250,1117,1083,29971,29972,29974,29975,29974,29976]} 1. c4 e6 2. Nc3 d5 3. d4 a6 4. cxd5 exd5 5. Qb3 Nf6 6. Nf3 {D31: Queen's Gambit Declined: Semi-Slav without ...Nf6 (+ Marshall Gambit and Noteboom) and Exchange Variation lines without ...Nf6} c6 {LiveBook: 18 Games} 7. Bf4 Be7 8. e3 {The position is equal.} O-O 9. Bxb8 (9. h3 {feels hotter.} b5 10. Be2 Nbd7 11. O-O Bb7 12. Ne5) 9... Rxb8 {[#]} 10. Bxa6 $1 {[%mdl 512]} Bd6 (10... bxa6 11. Qxb8) 11. Be2 Re8 12. Qc2 $146 ({Predecessor:} 12. O-O h5 13. Qc2 g6 {0-1 (38) Gelfand,B (2695)-Andreikin,D (2712) Moscow 2018}) 12... g6 13. h3 b5 14. a3 Bd7 15. Nd2 b4 16. axb4 Rxb4 17. Na4 Qe7 {Black wants to play ...Rxd4!} 18. O-O Qf8 19. Rfe1 Qh6 20. Bf1 Rbb8 21. Nc5 Bf5 $1 {[%cal Rf5c2]} 22. Qc3 Ng4 (22... g5 $11) 23. Nf3 $16 Be4 24. Be2 $36 {[%mdl 2048] White is in control.} Nf6 25. Ra6 Rec8 26. b4 Bf5 27. Bf1 (27. Rea1 $1 $18) 27... Ne4 28. Qc1 (28. Qa3 {is interesting.} Qf8 29. Bd3 Qe7 30. Rc1 Rc7 31. Ra8) 28... Rxb4 29. Nxe4 dxe4 30. Rxc6 Rd8 31. Ne5 Qg5 $2 {[#]} (31... Bxe5 $16 32. dxe5 Rbb8) 32. g3 $2 ({Only move:} 32. Rxd6 $1 $18 {[%mdl 512]} Rxd6 33. Qc7) 32... Be6 (32... Bxe5 $1 $11 {remains equal.} 33. dxe5 Be6) 33. h4 Qf6 34. Qa1 ({White should try} 34. Nc4 $16 Be7 35. Rd1) 34... Bxe5 35. dxe5 Qf5 $1 36. Qa5 Rd2 {[#]} (36... Rdb8 $11 {keeps the balance.}) 37. Be2 $1 Rxe2 ({But not} 37... Rbb2 $2 38. g4 $18) 38. Rxe2 Qf3 $2 {[%mdl 8192]} (38... Rb8 $16 {is tougher.} 39. Qc7 Rb1+ 40. Rc1 Rxc1+ 41. Qxc1 Qf3) 39. Qd8+ (39. Qxb4 $142 {Threatens to win with Rd2.} Qxe2 40. Rd6) 39... Kg7 $18 {( -> ...Rb1+)} 40. Qf6+ Qxf6 41. exf6+ Kxf6 {[%mdl 4096] Endgame KRR-KRB} 42. Re1 Kg7 43. Rec1 h5 44. R6c5 Rb2 45. Re5 Rb4 46. Rec5 Rb2 47. R5c2 Rb4 48. Kf1 Rb3 49. Ke1 Bg4 50. Rc4 Bf3 51. Rd4 Rb7 52. Kd2 Rb2+ 53. Rc2 Rb1 54. Kc3 Rb7 55. Rcd2 Rb6 56. Rd6 Rb5 57. Kd4 Ra5 58. Rd5 Ra6 59. Rb2 Bg2 60. Rd7 Ra4+ 61. Kc5 Ra5+ 62. Kd6 Ra6+ 63. Ke7 Re6+ 64. Kd8 Rf6 65. Ke8 {And now Rbb7 would win.} Bh3 66. Re7 Be6 67. Kd8 Bf5 68. Rbb7 Be6 (68... Kf8 $142) 69. Rb2 Bf5 $1 70. Re5 Rd6+ 71. Kc7 Ra6 72. Rc5 Rf6 (72... Ra7+ $142 73. Kc6 Kf6) 73. Rc6 Be6 74. Kd8 Kf8 (74... Rf5 {was worth a try.} 75. Ke7 Re5) 75. Rd6 Kg7 (75... Rf5 $142 76. Kc7 Rc5+ 77. Rc6 Ra5) 76. Ke7 Rf3 $2 (76... Rf5 {might work better.} 77. Rd4 Re5) 77. Rd8 {Rbb8 would kill now.} g5 (77... Bc4 $18 78. Rb4 Ba2) 78. hxg5 (78. Rbb8 $142 Bc8 79. Rbxc8 Rxg3 80. fxg3 Kg6 81. Rg8+ Kh6 82. Kf6 gxh4 83. Rh8#) 78... Kg6 79. Rd4 (79. Rg8+ $142 Kh7 80. Rbb8) 79... Bf5 80. Kf8 Kxg5 81. Kxf7 h4 (81... Bg6+ $142 82. Ke6 Rf8 83. Rd5+ Kg4) 82. gxh4+ Kxh4 83. Kf6 Kg4 84. Ke5 Rh3 85. Rb1 Rh5 86. Rxe4+ Bxe4+ 87. Kxe4 {White mates.} Rh2 88. Rg1+ Kh5 89. f4 {Precision: White = 50%, Black = 41%.} 1-0

[Event "RUS-chT Rapid Men 2018"]
[Site "Sochi"]
[Date "2018.10.08"]
[Round "2"]
[White "Rozum, Ivan"]
[Black "Potkin, Vladimir"]
[Result "1/2-1/2"]
[WhiteElo "2573"]
[BlackElo "2597"]
[Annotator "TA"]
[PlyCount "98"]
[EventDate "2018.10.05"]
[EventType "swiss"]
[EventCountry "RUS"]
[SourceTitle "playchess.com"]
[Source "ChessBase"]
[SourceQuality "1"]

{[%evp 11,98,0,0,0,0,0,0,0,0,0,0,0,8,0,0,-11,0,-14,-10,-30,-10,-85,-97,-98,-56,-75,-54,-87,-79,-75,-93,-75,-56,-80,-58,-37,-28,-51,-16,-15,-14,-16,-16,-13,-12,-29,-28,-25,-32,-41,-30,-37,-36,-54,-51,-115,-116,-106,-102,-125,-133,-131,-112,-97,-22,-91,0,0,0,0,-3,-25,-22,-21,-19,-75,-69,-66,-64,-274,0,0,0,0,0,0,0,0,0]} 1. c4 e5 2. Nc3 Nf6 3. Nf3 Nc6 4. e3 Bb4 5. Qc2 Bxc3 6. Qxc3 Qe7 7. d4 {A28: English Opening: Four Knights Variation} (7. b3 O-O 8. Bb2 Re8 9. a3 d5 10. d4 Ne4 11. Qc2 exd4 12. cxd5 dxe3 13. fxe3 Nc5 14. O-O-O Nd8 {½-½ (57) Le,Q (2715)-Vachier Lagrave,M (2780) chess.com INT 2018}) 7... Ne4 8. Qd3 exd4 9. Nxd4 O-O 10. Be2 Qb4+ 11. Kf1 Qe7 12. f3 f5 {[#] aiming for ...Qh4.} 13. g3 d6 14. Kg2 $146 {Black must now prevent Nxc6.} ({Predecessor:} 14. Nxc6 bxc6 {½-½ (37) Garau,B (2362)-Ledford,S (2220) ICCF email 2017}) 14... Ne5 15. Qc2 c5 $36 {[%mdl 2048] Black has the initiative.} 16. Nb5 (16. fxe4 $11 cxd4 17. exd4) 16... a6 $17 17. Nc3 Nxc3 18. Qxc3 b5 19. b3 Bb7 {Hoping for ...Nxf3!} 20. Rf1 b4 21. Qd2 Rad8 22. Kg1 d5 23. cxd5 Rxd5 24. Qc2 Rfd8 25. Qxf5 Nd3 26. Qe4 Qxe4 27. fxe4 Re5 28. Rd1 Bxe4 29. a3 a5 30. axb4 axb4 31. Ra5 Red5 32. Bxd3 Bxd3 33. Bb2 (33. e4 $15 Bxe4 34. Rxd5 Bxd5 35. Rxc5) 33... Be4 34. Rxd5 Rxd5 {[%mdl 4096] Endgame KRB-KRB} ({Of course not} 34... Bxd5 $6 35. Rxc5 Bxb3 36. Bd4 $11) 35. Ra8+ Kf7 36. Ra7+ Ke6 {[#] And now ...Rd1+ would win.} 37. Bxg7 Rd3 (37... Rd1+ $17 38. Kf2 Rd2+ 39. Ke1 Rd3) 38. Ra5 (38. Bf8 $11 {remains equal.}) 38... Rxe3 (38... Kd5 $17 39. Bd4 Rd1+ 40. Kf2 Rc1) 39. Rxc5 $11 Bd5 40. Rb5 Rxb3 41. g4 Bc4 42. Rb7 Kd5 43. Bf8 (43. Bf6 $11) 43... Rb1+ $17 44. Kg2 b3 45. Rxh7 $2 ({White should play} 45. Bg7 $15) 45... Rf1 $2 (45... b2 $19 {Strongly threatening ...Rg1+!} 46. Rb7 Bf1+ 47. Kf3 Ba6 48. Rxb2 Rxb2) 46. Bg7 $11 {The position is equal.} Rf7 {Threatens to win with ...Ke4.} 47. Rh5+ Ke4 48. Bb2 Kd3 49. Rf5 Rxf5 {Precision: White = 46%, Black = 67%.} 1/2-1/2

[Event "RUS-chT Rapid Men 2018"]
[Site "Sochi"]
[Date "2018.10.08"]
[Round "2"]
[White "Bocharov, Ivan"]
[Black "Dubov, Daniil"]
[Result "1/2-1/2"]
[WhiteElo "2563"]
[BlackElo "2703"]
[Annotator "TA"]
[PlyCount "111"]
[EventDate "2018.10.05"]
[EventType "swiss"]
[EventCountry "RUS"]
[SourceTitle "playchess.com"]
[Source "ChessBase"]
[SourceQuality "1"]

{[%evp 9,111,70,113,112,115,109,131,89,80,89,111,102,99,76,91,40,45,50,73,54,69,35,40,29,20,21,34,22,39,14,25,33,63,33,26,13,20,14,41,0,0,-6,0,0,0,0,0,0,0,0,0,-133,-132,-138,-125,-132,-111,-163,-112,-198,-198,-214,-216,-212,-214,-198,0,0,0,0,0,0,0,0,0,-46,-46,-47,0,-8,0,0,0,0,0,0,0,0,0,0,0,0,0,0,0,0,0,0,0,0,0,0,0,0]} 1. e4 c6 2. d4 d6 3. Nc3 Nd7 4. f4 h6 (4... b5 5. Nf3 Nb6 6. Bd3 Nf6 7. a3 g6 8. h3 Bg7 9. O-O a6 10. Qe1 Be6 11. f5 gxf5 12. exf5 {1-0 (39) Liou,Y (2387)-Lajthajm,B (2526) Paracin 2014}) 5. Nf3 Qa5 $146 ({Predecessor:} 5... Qc7 6. e5 e6 7. Bd3 a6 8. Ne2 c5 9. c3 Ne7 10. O-O Nc6 11. Kh1 {1-0 (82) Loidl,F (1805)-Scharler,W (1725) Werfen 1996}) 6. e5 {B12: Caro-Kann: Advance Variation} e6 7. Bd3 Ne7 8. exd6 {White is clearly better.} Nd5 9. Bd2 {Strongly threatening Ne4.} Nxc3 10. Bxc3 Qd8 11. Bb4 Nf6 12. d7+ (12. Ne5 $16 Bxd6 13. Qd2) 12... Bxd7 $14 13. Bxf8 Kxf8 14. O-O {[%cal Bh1f1,Bf1f3,Bf3g3][%mdl 32]} Qb6 15. Qe2 (15. b4 $5) 15... c5 16. dxc5 Qxc5+ 17. Kh1 g6 18. Ne5 Kg7 19. Rf3 Rhd8 20. Raf1 Be8 21. Rg3 Kf8 22. Rh3 Kg7 23. Qe1 h5 24. Qh4 Rac8 25. Rg3 Qd4 26. b3 b5 27. Rg5 Nh7 28. Rg3 {aiming for Qxh5.} Nf6 29. Rg5 Rd5 30. Qg3 {[#]} (30. h3 $11 {remains equal.}) 30... Ne4 $1 $17 {[%cal Re4g3]} 31. Bxe4 Qxe4 32. c4 bxc4 33. bxc4 (33. Nxc4 $17 {is a better defense.} Qe2 34. Qe1 Qxe1 35. Rxe1) 33... Rd2 ({Black should play} 33... Qe2 $19 {[%cal Re2f1]} 34. Rg1 Rd1) 34. Nf3 (34. h3 $17 {keeps fighting.}) 34... Rxa2 $19 35. Rxh5 {[#] Rh7+ is the strong threat.} Qxc4 36. Rg1 Rc5 37. Rh3 Bc6 $2 (37... a5 $19 38. f5 (38. Ne5 $2 Qd4 $19) 38... Rxf5) 38. f5 $1 $36 {[%cal Rf5g6][%mdl 2048] White has the initiative.} Rxf5 {White must now prevent ...Bxf3.} 39. Qb8 {[%csl Gh3][%cal Rb8h8]} Rh5 40. Rxh5 gxh5 41. Qe5+ Kf8 42. Qxh5 Bxf3 43. Qxf3 {[%mdl 4096] Endgame KQR-KQR} Qe2 {Hoping for ...Qxf3.} 44. Qf6 {The position is equal.} Rd2 45. Qh6+ Ke8 46. Qh8+ Ke7 47. Qh4+ Ke8 48. Qa4+ Rd7 49. h3 Qd3 50. Rc1 Qd4 51. Qb5 Kf8 52. Qg5 {White wants to mate with Rc8+.} Rd8 53. Rf1 Rd7 54. Rc1 {Threatening mate with Rc8+.} Rd8 55. Rf1 Rd7 56. Rc1 {Precision: White = 50%, Black = 66%.} 1/2-1/2

[Event "RUS-chT Rapid Men 2018"]
[Site "Sochi"]
[Date "2018.10.08"]
[Round "2"]
[White "Sychev, Klementy"]
[Black "Malakhov, Vladimir"]
[Result "0-1"]
[WhiteElo "2534"]
[BlackElo "2661"]
[Annotator "TA"]
[PlyCount "166"]
[EventDate "2018.10.05"]
[EventType "swiss"]
[EventCountry "RUS"]
[SourceTitle "playchess.com"]
[Source "ChessBase"]
[SourceQuality "1"]

{[%evp 20,166,35,0,0,0,0,0,12,8,2,12,20,24,26,-13,29,-1,28,16,57,-41,36,25,28,8,52,46,53,39,51,46,55,54,84,86,122,102,89,27,52,52,89,40,104,84,92,80,86,-33,-40,-14,145,166,253,229,242,231,245,244,239,234,237,222,420,253,250,65,60,41,45,41,181,104,77,95,138,138,208,193,204,184,247,243,248,286,258,127,108,124,139,50,12,0,0,0,48,0,0,0,287,304,276,226,584,545,597,535,1003,869,3379,562,469,0,3226,2637,2659,1497,29994,29970,29969,29970,29959,8797,4018,0,0,0,0,0,29966,29967,29968,29972,29972,0,0,-29981,-29982,-29982,-29983,-29983,-29984,-29985,-29986,-29986,-29987,-29987,-29988]} 1. c4 Nf6 2. Nf3 c6 3. g3 d5 4. Bg2 dxc4 5. O-O Nbd7 6. Na3 Nb6 7. Qc2 g6 {A11: English Opening: 1...c6} 8. Nxc4 Nxc4 9. Qxc4 Bg7 10. d3 O-O 11. Bf4 {[%cal Bc1f4,Bf4e5,Be5c3,Bc3d2,Bd2e3][%mdl 32] LiveBook: 4 Games} Nd5 12. Be5 f6 $146 ({Predecessor:} 12... Bxe5 13. Nxe5 Qd6 14. Nf3 Qf6 15. Qb3 {½-½ (41) Andreikin,D (2700)-Sjugirov,S (2625) Tyumen 2012}) 13. Bc3 {Strongly threatening e4.} Kh8 14. Bd2 e5 15. e4 Nb6 16. Qc2 Bg4 17. Be3 Rc8 18. b4 Nd7 19. Nd2 (19. Bxa7 $2 b6 $17) 19... Qe7 20. Nc4 (20. a4 $14) 20... c5 (20... b5 $1 $15 21. Na5 Qxb4) 21. b5 $14 Be6 22. Rac1 b6 23. a4 f5 24. exf5 gxf5 25. Rfe1 f4 26. Bd2 $1 f3 27. Bf1 Rf5 28. Bc3 Rh5 29. Re3 (29. Ra1 $16) 29... Bd5 $11 30. Rce1 Re8 31. Nd2 Qf6 (31... Rf8 $14) 32. Qd1 Rf8 33. Ne4 Qf7 34. Nd6 (34. h4 $16) 34... Qe6 $15 35. Ne4 Qg4 $2 ({Better is} 35... Bb3 $11 36. Qa1 Bh6) 36. h3 $1 $36 {[%cal Rh3g4][%mdl 2048] White is in control.} Qf5 (36... Rxh3 $142 37. Bxh3 Qxh3 38. Rxf3 Rg8) 37. g4 $18 Qg6 38. Rxf3 Rhf5 39. Rxf5 Rxf5 40. Bg2 Rf4 41. Ng3 Qf7 $2 (41... Bxg2 42. Kxg2 Qf7) 42. Bxd5 Qxd5 43. Nh5 $2 (43. Re3 $18) 43... Rf3 $14 44. Re3 Rxe3 $1 45. fxe3 Bh6 ({Black should try} 45... c4 $1 $14) 46. e4 (46. Kf2 $18) 46... Be3+ $16 47. Kh1 Qf7 48. Qe2 Bd4 {[#]} (48... Bc1 $16) 49. Be1 $1 $18 Nf8 50. Kg2 Ng6 (50... Kg8 $142 51. Qd2 Ng6) 51. Bg3 Kg8 52. g5 Qb3 53. Qf1 (53. Nf6+ $18 {is more deadly.} Kg7 54. h4) 53... Qc2+ $16 54. Kh1 Qxa4 55. Nf6+ Kg7 $1 56. Nh5+ Kg8 57. Nf6+ Kg7 $1 58. Nxh7 Nf4 (58... Kxh7 $5 59. Qf7+ $8 Kh8 60. Qf6+ Kh7 61. Qf7+ Kh8 62. Qf6+ Kh7 63. Qf7+ $11) 59. Nf6 Kg6 $2 {[%mdl 8192]} (59... Qxb5 $11 60. Bxf4 exf4) 60. Nd5 $18 Nxd5 61. Qf5+ Kg7 $2 (61... Kh5 {is a better chance.} 62. Qg4+ (62. exd5 {leads to mate.} Qd1+ 63. Kg2 Qg1+ 64. Kf3 Qf1+ 65. Bf2 Qxf2+ 66. Ke4 Qe3#) 62... Kg6 63. Qf5+ Kh5 64. Qg4+ (64. exd5 Qd1+ 65. Be1 Qxe1+ 66. Kg2 Qg1+ 67. Kf3 Qf2+ 68. Ke4 Qe3#) 64... Kg6 65. Qe6+ Kh7 66. Qh6+ Kg8 67. Qe6+ Kf8 68. Qf5+ Ke8 69. Qg6+ (69. exd5 Qd1+ 70. Kg2 Qg1+ 71. Kf3 Qd1+ 72. Kg2 Qg1+ 73. Kf3 Qd1+ 74. Kg2 $11) 69... Ke7 70. Qg7+ Ke8 71. Qg8+ Ke7 72. Qg7+ Kd6 73. Qg6+ Ke7 74. Qh7+ Kd8 75. Qg8+ Ke7 76. Qg7+) 62. Bxe5+ (62. exd5 Qd1+ 63. Kg2 Qg1+ 64. Kf3 Qd1+ 65. Kg2 Qg1+ 66. Kf3 Qd1+ 67. Kg2 $11) 62... Bxe5 63. Qxe5+ Kg6 64. Qf5+ ({Weaker is} 64. Qxd5 Qd1+ 65. Kh2 Qe2+ 66. Kg3 Qe3+ 67. Kg4 Qe2+ 68. Kg3 Qe3+ 69. Kg2 (69. Kg4 Qe2+ 70. Kg3 $11) 69... Qe2+ 70. Kh1 (70. Kg3 Qe3+ $11) 70... Qf1+ 71. Kh2 Qf2+ 72. Kh1 Qf1+ 73. Kh2 Qf2+ 74. Kh1 Qf1+ $11) 64... Kh5 65. Qg4+ (65. exd5 $142 {Qg4+! is the strong threat.} Qxb5 66. Kg2) 65... Kg6 {Threatens to win with ...Qa1+.} 66. Qf5+ (66. exd5 $142 Qa1+ 67. Kg2 Qb2+ 68. Kf3) 66... Kh5 67. exd5 {[%cal Be4d5,Bd5d6][%mdl 32]} Qxb5 {[%mdl 4096] Endgame KQ-KQ} 68. Kg2 a5 69. Kg3 Qb1 70. d6 Qg1+ 71. Kf3 {Intending Qh7+ and mate.} Qh1+ {[#]} 72. Ke2 $2 (72. Ke3 $1 $18 Qg1+ 73. Qf2) 72... Qh2+ $11 73. Kf3 Qxd6 74. h4 {White threatens Qh7+ and mate.} Qe7 $2 {[%mdl 8192]} (74... Qc6+ $11 75. Kg3 Qd6+ 76. Kh3 Qe7) 75. Qg4+ Kg6 76. h5+ Kg7 77. h6+ $2 (77. Qf5 {mates} Qf7 78. h6+ Kg8 79. Kg4 Qe8 80. Qd5+ Kf8 81. Kf5 Qf7+ 82. Qxf7+ Kxf7 83. g6+ Ke8 84. h7) 77... Kg6 78. Qe4+ $2 {[%mdl 8192]} (78. Qh4 $11) 78... Qxe4+ {Black mates.} 79. dxe4 a4 {[%cal Ba5a4,Ba4a3,Ba3a2][%mdl 32]} 80. e5 a3 81. e6 a2 82. e7 Kf7 83. g6+ Kxe7 {Precision: White = 42%, Black = 46%.} 0-1

[Event "RUS-chT Rapid Men 2018"]
[Site "Sochi"]
[Date "2018.10.08"]
[Round "2"]
[White "Potapov, Pavel"]
[Black "Alekseenko, Kirill"]
[Result "1/2-1/2"]
[WhiteElo "2515"]
[BlackElo "2639"]
[Annotator "TA"]
[PlyCount "49"]
[EventDate "2018.10.05"]
[EventType "swiss"]
[EventCountry "RUS"]
[SourceTitle "playchess.com"]
[Source "ChessBase"]
[SourceQuality "1"]

{[%evp 17,49,19,17,24,26,25,30,14,16,16,11,0,33,49,43,22,78,20,94,45,102,79,79,82,87,53,112,113,147,0,115,0,142,0]} 1. e4 c5 2. Nf3 Nc6 3. Bb5 g6 4. Bxc6 dxc6 5. O-O Bg7 6. d3 Nh6 {B31: Sicilian: 2...Nc6 3 Bb5 g6} (6... b6 7. h3 e5 8. a3 a5 9. Nbd2 Qc7 10. Nc4 Be6 11. Be3 Bxc4 12. dxc4 Nf6 13. Nd2 O-O 14. Qe2 {0-1 (42) Nepomniachtchi,I (2717)-Mamedov,R (2637) Khanty-Mansiysk 2013}) 7. Nc3 O-O 8. h3 f6 9. Be3 b6 {LiveBook: 10 Games} 10. a4 Nf7 11. a5 {Hoping for axb6.} Rb8 12. Qe2 $146 ({Predecessor:} 12. axb6 axb6 13. Nh2 f5 14. exf5 gxf5 {0-1 (65) Sanduleac,V (2466)-Kotronias,V (2574) Eforie Nord 2008}) 12... e5 13. axb6 axb6 14. Ra7 f5 (14... Rb7 $5 {[%cal Rb7a7]} 15. Rfa1 Qc7 $11) 15. exf5 gxf5 16. Rfa1 Be6 (16... Rb7 $11 {remains equal.}) 17. Bd2 (17. Bf4 $16) 17... Bd5 (17... Re8 $11 {keeps the balance.}) 18. Nd1 Qd6 (18... Re8 $14) 19. Ne3 Qf6 20. Bc3 Rfe8 21. Rd7 Rbd8 (21... Ra8 $14 22. Rda7 Rxa7 23. Rxa7 f4) 22. Rb7 $36 {[%mdl 2048] [#] Black must now prevent Raa7. Keeping Black busy.} Rb8 23. Rd7 Rbd8 24. Rb7 {Raa7 is the strong threat.} Rb8 $1 {[%cal Rb8b7]} 25. Rd7 {Precision: White = 37%, Black = 44%.} (25. Rxb8 $16 Rxb8 {[#]} 26. Nxe5 $1 {[%mdl 512]} Nxe5 27. f4 Nf3+ 28. gxf3) 1/2-1/2

[Event "RUS-chT Rapid Men 2018"]
[Site "Sochi"]
[Date "2018.10.08"]
[Round "2"]
[White "Demidov, Mikhail"]
[Black "Zvjaginsev, Vadim"]
[Result "1-0"]
[WhiteElo "2514"]
[BlackElo "2644"]
[Annotator "TA"]
[PlyCount "67"]
[EventDate "2018.10.05"]
[EventType "swiss"]
[EventCountry "RUS"]
[SourceTitle "playchess.com"]
[Source "ChessBase"]
[SourceQuality "1"]

{[%evp 16,67,37,30,41,19,27,22,24,20,11,0,18,-7,8,-7,0,0,0,0,20,15,11,12,35,12,18,0,0,-45,-34,-42,18,4,13,-48,102,119,119,105,465,439,557,548,654,620,5231,5143,5143,5047,5414,5089,5181,2573]} 1. Nf3 g6 2. g3 Bg7 3. Bg2 c5 4. O-O Nc6 5. d3 d6 6. e4 Bg4 7. h3 Bxf3 {A04: Unusual lines after 1 Nf3 and King's Indian Attack} 8. Bxf3 (8. Qxf3 Nf6 9. Na3 Nd7 10. c3 Rb8 11. Nc2 b5 12. Rd1 b4 13. d4 bxc3 14. bxc3 O-O 15. e5 Rc8 16. exd6 exd6 {½-½ (37) Haub,T (2448)-Danielsen,H (2482) Copenhagen 2009}) 8... Nf6 9. Bg2 {LiveBook: 4 Games} Nd7 {White has an edge.} 10. Nd2 O-O 11. f4 Rc8 $146 ({Predecessor:} 11... Qc7 12. Nf3 b5 13. Rb1 b4 14. Kh2 a5 15. Be3 {0-1 (49) Arenas,S (2155)-Landriel,M (2272) Villa Martelli 2008}) 12. Nf3 b5 13. Kh1 b4 14. a4 Nd4 15. Rb1 Nxf3 16. Bxf3 c4 17. d4 Qa5 18. Be3 Qxa4 19. Ra1 Qb5 20. Rxa7 Ra8 21. Rxa8 Rxa8 22. Qe2 Ra2 23. Rb1 Qa6 (23... Nb6 $15) 24. e5 $11 Nb6 25. f5 (25. d5 $11) 25... c3 (25... Rxb2 $15 {keeps the upper hand.} 26. Rxb2 Qa1+ 27. Bg1 Qxb2) 26. Qxa6 $16 Rxa6 27. bxc3 {Threatens to win with exd6.} Ra3 $2 {[%mdl 8192]} (27... dxe5 $16 28. dxe5 (28. Rxb4 exd4 29. Bf2 gxf5 $16) 28... Nc4) 28. f6 {White is clearly winning.} Bf8 29. Rxb4 Rxc3 30. Rxb6 {[#] Rb8 would kill now.} Rxe3 31. Rb8 {Intending fxe7 and mate.} exf6 32. exd6 {[%cal Be5d6,Bd6d7][%mdl 32]} Kg7 33. d7 Be7 34. Re8 {Precision: White = 45%, Black = 30%.} 1-0